000 00299nam a22001337a 4500
008 181016b xxu||||| |||| 00| 0 eng d
020 _a0521280753
041 _aeng
080 _a316
100 _a50
101 _aSOC
245 _aFemale power and male dominance
_cSanday,P.R
942 _2udc
_cBK
999 _c49890
_d49890